Piłkarze po podpowiedziach (2022/23) - Statystyki

Ogólne statystyki
  • Ten quiz został rozwiązany 485 razy
  • Średni wynik to 14 z 30
Statystyki odpowiedzi
Podpowiedź Imię Nazwisko % Poprawnych
Żółw Ninja Kylian Mbappe
95%
Oszukany w 2020/2021 Robert Lewandowski
92%
Jeden z najlepszych piłkarzy w historii gra w Arabii Cristiano Ronaldo
76%
Mistrz świata w Piłce Nożnej Lionel Messi
76%
Polski zwycięzca Serie A Piotr Zieliński
66%
Golfista z Walii Gareth Bale
65%
,,Najlepszy" Polski napastnik Arkadiusz Milik
63%
Zdobywca złotej piłki w sezonie 2017/18 Luka Modrić
62%
45-latek z Włoch Gianluigi Buffon
53%
Młodszy brat Edena Thorgan Hazard
53%
Pobił rekord Salaha w sezonie 2022/23 Erling Haaland
52%
Jego cieszynka to MASKA Paulo Dybala
49%
Przeszedł z Realu do Man Utd w tym sezonie Casemiro
48%
Obronił karnego Lewego na MŚ 2022 Ochoa
47%
Był bliski strzelenia zwycięskiej bramki w finale MŚ 2022 Randal Kolo Muani
47%
Ryż Declan Rice
46%
Najlepszy strzelec Francji Olivier Giroud
45%
Ukraiński piłkarz z Londynu Oleksandr Zinchenko
42%
Lubi zmieniać fryzury oraz cieszynki Paul Pogba
41%
Urugwajski Arek Milik Darwin Nunez
40%
Legenda Słowacji i Napoli Marek Hamsik
36%
Najbardziej uśmiechnięty zawodnik N'Golo Kante
34%
Kapitan PSG Marquinhos
32%
Zdobywca bramki z połowy boiska na Euro 2020 Patrik Schick
27%
... Emerick Emiliano Francois ... Pierre Aubameyang
26%
Zawodnik meczu finału ligi mistrzów 2021/22 Thibaut Courtois
24%
Znant z sztuczki A..... Spin Antony
22%
The G.O.A.T. obrońca Harry Maguire
20%
Przeszedł do Chelsea za 100mln Romelu Lukaku
19%
W tym sezonie zakończył karierę, legenda Arsenalu Mesut Ozil
15%
Nie znaleziono quizów pasujących do podanych kryteriów
Rozkład punktacji
Procent ludzi z każdym wynikiem
Percentyl według liczby udzielonych odpowiedzi
Twoja historia wyników
Nie rozwiązałeś tego quizu